Les Cases du jeu Monopoly ! - Statistiques

Statistiques générales
  • Ce quiz a été pris 216 fois
  • Le résultat moyen est 12 sur 26
Statistiques - réponses
Réponse % Correct
Rue de la Paix
89%
Gare de Lyon
83%
Gare du Nord
82%
Gare Montparnasse
80%
Avenue des Champs-Elysées
73%
Gare St-Lazare
57%
Avenue Foch
54%
Place Pigalle
49%
Rue de Courcelles
45%
Rue Lecourbe
45%
Avenue de la République
44%
Avenue Henri-Martin
42%
Boulevard des Capucines
42%
Avenue de Breteuil
40%
Avenue Mozart
39%
Rue de Vaugirard
39%
Avenue Matignon
38%
Boulevard de Belleville
38%
Boulevard de la Villette
38%
Place de la Bourse
38%
Boulevard Malesherbes
33%
Faubourg St-Honoré
33%
Rue de Paradis
33%
Avenue de Neuilly
32%
Boulevard St-Michel
31%
Rue La Fayette
28%
Aucun quiz correspondant
Distribution des résultats
% des personnes avec chaque résultat
Percentile par nombre de réponses
Votre historique - résultats
Vous n’avez pas pris ce quiz